Philosophy of social science : the methods, ideals, and politics of social inquiry

Saved in:
Bibliographic Details
Main Author: Root, Michael 1940-
Format: Book
Language:English
Published: Oxford : Blackwell, 1993
Subjects:
Tags: Add Tag
No Tags, Be the first to tag this record!

MARC

LEADER 00000nam a2200000 i 4500
001 1/1891
008 950801s1993 eng d
020 |a 0-631-19042-2 
035 |l 10014614 
040 |a GR-MY-UA  |b gre  |e aacr 
041 0 |a eng 
082 0 |a 300.1 
100 1 |a Root, Michael  |d 1940- 
245 1 0 |a Philosophy of social science :  |b the methods, ideals, and politics of social inquiry /  |c Michael Root 
260 |a Oxford :   |b Blackwell,   |c 1993 
300 |a 269 p. 
650 0 0 |a Social sciences  |x Philosophy. 
650 0 0 |a Social sciences  |x Methodology. 
852 |a INST  |b LESVOS  |e 19950801  |h 300.1 ROO  |p 005100007570  |q 005100007570  |t BK  |y 0 
909 |a Λ  |b 042123